000 00828nam a2200241Ia 4500
999 _c5333
_d5333
003 OSt
005 20200611113915.0
008 191128t1981 fr fr 000 0 fre d
020 _a2247002188
040 _aCO-JMCR
_cCO-JMCR
041 0 _afre
082 0 4 _a330.01 /
_bP132e
_223
100 1 _aPage, André,
_eautor
_95140
245 1 0 _aÉconomie politique :
_bobjet et méthodes de la science économique facteurs et cadres de l'activité economique prix et production /
_cAndré Page
260 _aParis :
_bJurisprudence Générale Dalloz,
_c©1981
300 _a186 páginas ;
_c24 cm.
490 0 _aMémentos Dalloz
505 0 _aCentre d'intéret de l'analyse économique
650 1 4 _aTeoría económica
_95141
650 1 4 _aEconomía política
_95142
650 1 4 _aHistoria económica
_95143
942 _2ddc
_cBK